Statistics for U.S. States by a Single Clue #1

Click here to take the quiz!

General Stats

  • This quiz has been taken 98 times
  • The average score is 8 of 15

Answer Stats

HintU.S. State% Correct
Its capital is AtlantaGeorgia
96%
Its initials are R.I.Rhode Island
95%
The Terminator was governor in this stateCalifornia
82%
Governor Sarah PalinAlaska
78%
Main producer of maple syrupVermont
66%
Glacier National Park is hereMontana
65%
Consists of two peninsulasMichigan
58%
If you visit Acadia NP, which state are traveling into?Maine
47%
Walmart headquartersArkansas
40%
Warren Buffett, one of the richest people, live hereNebraska
38%
"Six flags over ... "Texas
38%
Has the city Coeur d'AleneIdaho
31%
The Devils Tower is located hereWyoming
29%
State with the fewest citiesNevada
13%
The only state with a decreasing populationWest Virginia
10%

Score Distribution

Percentile by Number Answered

Percent of People with Each Score

Your Score History

You have not taken this quiz